Bunga api!

Bibliographic Details
Main Author: Lau, Le Lynn
Format: Book
Published: Melaka : Pustaka Ilham , 1996
Series:Siri Tujuh Sekawan

MARC

LEADER 00000cam a2200000 7i4500
001 0000071342
005 20170612.0
008 170311
020 |a 9789838981309 
020 |a 9838981303 
090 0 0 |a AD   |b MAL 
100 1 |a Lau, Le Lynn 
245 0 0 |a Bunga api!   |c Lau Le Lynn; translated by Azahar Shahbudin 
260 |a Melaka :   |b Pustaka Ilham ,   |c 1996 
490 1 |a Siri Tujuh Sekawan 
999 |a 0000795888   |b Book   |c Children Collection   |e Cawangan Segamat 
999 |a 0000799155   |b Book   |c Children Collection   |e Cawangan Pontian